Role of higher education in shaping social mobility: (Record no. 1434884)

MARC details
000 -LEADER
fixed length control field 00884nam a22002297a 4500
003 - CONTROL NUMBER IDENTIFIER
control field OSt
005 - DATE AND TIME OF LATEST TRANSACTION
control field 20250826110300.0
008 - FIXED-LENGTH DATA ELEMENTS--GENERAL INFORMATION
fixed length control field 250826b |||||||| |||| 00| 0 eng d
037 ## - SOURCE OF ACQUISITION
Terms of availability Dissertation
040 ## - CATALOGING SOURCE
Original cataloging agency FEDL
Language of cataloging eng
Transcribing agency FEDL
041 ## - LANGUAGE CODE
Language code of text/sound track or separate title eng
Language code of original eng
082 ## - DEWEY DECIMAL CLASSIFICATION NUMBER
Classification number 378.54 CHA/DI
100 ## - MAIN ENTRY--PERSONAL NAME
Personal name Chaurasia, Preeti
9 (RLIN) 818866
110 ## - MAIN ENTRY--CORPORATE NAME
Corporate name or jurisdiction name as entry element University of Delhi. Department of Education
9 (RLIN) 818316
245 ## - TITLE STATEMENT
Title Role of higher education in shaping social mobility:
Remainder of title An exploratory study of the impact of university education on graduate students intellectual and social growth in the context of nep 2020/
Statement of responsibility, etc. by Preeti Chaurasia; Gaurav Rao. Supervisor
260 ## - PUBLICATION, DISTRIBUTION, ETC.
Name of publisher, distributor, etc. University of Delhi
Date of publication, distribution, etc. 2025
300 ## - PHYSICAL DESCRIPTION
Extent 58p.
650 ## - SUBJECT ADDED ENTRY--TOPICAL TERM
Topical term or geographic name entry element HIGHER EDUCATION
700 ## - ADDED ENTRY--PERSONAL NAME
Personal name Rao, Gaurav. Supervisor
9 (RLIN) 818867
942 ## - ADDED ENTRY ELEMENTS (KOHA)
Source of classification or shelving scheme Dewey Decimal Classification
Koha item type Dissertations
Classification part 378.54 CHA/DI
Suppress in OPAC No
Holdings
Withdrawn status Lost status Source of classification or shelving scheme Damaged status Not for loan Collection Home library Current library Date acquired Total Checkouts Full call number Barcode Date last seen Price effective from Koha item type
    Dewey Decimal Classification     Reference Department of Education Library Department of Education Library 2025-08-26   378.54 CHA/DI EL0094417 2025-08-26 2025-08-26 Dissertations
Copyright @ Delhi University Library System